UBT Library

Elementary linear algebra / (Record no. 42688)

000 -LEADER
fixed length control field 00670pam a2200217 a 4500
001 - CONTROL NUMBER
control field 1560727
005 - DATE AND TIME OF LATEST TRANSACTION
control field 20180215085552.0
008 - FIXED-LENGTH DATA ELEMENTS--GENERAL INFORMATION
fixed length control field 920804s1993 caua 001 0 eng
010 ## - LIBRARY OF CONGRESS CONTROL NUMBER
LC control number 92029674
020 ## - INTERNATIONAL STANDARD BOOK NUMBER
International Standard Book Number 0534179649
040 ## - CATALOGING SOURCE
Original cataloging agency DLC
Transcribing agency DLC
Modifying agency DLC
041 ## - LANGUAGE CODE
Language code of text/sound track or separate title eng
080 ## - UNIVERSAL DECIMAL CLASSIFICATION NUMBER
Universal Decimal Classification number 512.5 AND
082 00 - DEWEY DECIMAL CLASSIFICATION NUMBER
Classification number 512.5 AND
Edition number 20
100 1# - Rafti
Rafti 39
101 ## - Shkurtesa
Shkurtesa MAT
245 10 - TITLE STATEMENT
Title Elementary linear algebra /
Statement of responsibility, etc by Stephen Andrilli, David Hecker.
906 ## - LOCAL DATA ELEMENT F, LDF (RLIN)
a 7
b cbc
c orignew
d 1
e ocip
f 19
g y-gencatlg
942 ## - ADDED ENTRY ELEMENTS (KOHA)
Source of classification or shelving scheme
Item type Books
Holdings
Withdrawn status Lost status Source of classification or shelving scheme Damaged status Not for loan Collection code Permanent location Current location Shelving location Date acquired Total Checkouts Full call number Barcode Date last seen Price effective from Koha item type
          Koleksioni i përgjithshem UBT - Lipjan UBT - Lipjan Koleksioni i përgjithshem 02/15/2018   512.5 AND 002-2998859 02/15/2018 02/15/2018 Books
UBT Library © 2015-2024. All rights reserved University Education for Business and Technology